UBT Library

Gjeografia e Kosovës dhe trevave shqiptare përtej kufirit të Republikës së Shqipërisë (Record no. 54107)

000 -LEADER
fixed length control field 00360nam a22001337a 4500
008 - FIXED-LENGTH DATA ELEMENTS--GENERAL INFORMATION
fixed length control field 190220b xxu||||| |||| 00| 0 eng d
020 ## - INTERNATIONAL STANDARD BOOK NUMBER
International Standard Book Number 9789994382446
041 ## - LANGUAGE CODE
Language code of text/sound track or separate title eng
080 ## - UNIVERSAL DECIMAL CLASSIFICATION NUMBER
Universal Decimal Classification number 910
100 ## - Rafti
Rafti 42
101 ## - Shkurtesa
Shkurtesa GJEO
245 ## - TITLE STATEMENT
Title Gjeografia e Kosovës dhe trevave shqiptare përtej kufirit të Republikës së Shqipërisë
Statement of responsibility, etc Laçi,S
942 ## - ADDED ENTRY ELEMENTS (KOHA)
Source of classification or shelving scheme
Item type Books
Holdings
Withdrawn status Lost status Source of classification or shelving scheme Damaged status Not for loan Collection code Permanent location Current location Shelving location Date acquired Total Checkouts Full call number Barcode Date last seen Price effective from Koha item type
          Koleksioni i përgjithshem UBT - Prishtine UBT - Prishtine Koleksioni i përgjithshem 02/20/2019   910 LAC 002-3021348 02/20/2019 02/20/2019 Books
          Koleksioni i përgjithshem UBT - Prishtine UBT - Prishtine Koleksioni i përgjithshem 02/20/2019   910 LAC 002-3021343 02/20/2019 02/20/2019 Books
          Koleksioni i përgjithshem UBT - Prishtine UBT - Prishtine Koleksioni i përgjithshem 02/20/2019   910 LAC 002-3021811 02/20/2019 02/20/2019 Books
          Koleksioni i përgjithshem UBT - Prishtine UBT - Prishtine Koleksioni i përgjithshem 02/20/2019   910 LAC 002-3021810 02/20/2019 02/20/2019 Books
UBT Library © 2015-2024. All rights reserved University Education for Business and Technology